JURNAL UNDANG-UNDANG TRIBUNAL RAYUAN KASTAM. (Record no. 1799)

000 -LEADER
fixed length control field nam a22 i 4500
003 - CONTROL NUMBER IDENTIFIER
control field AKMAL
005 - DATE AND TIME OF LATEST TRANSACTION
control field 20170512092238.0
008 - FIXED-LENGTH DATA ELEMENTS--GENERAL INFORMATION
fixed length control field 170512s2014 my e w f000 0 may d
020 ## - INTERNATIONAL STANDARD BOOK NUMBER
International Standard Book Number 9789839997866
Qualifying information volume 3
-- hardback
040 ## - CATALOGING SOURCE
Original cataloging agency AKMAL
082 04 - DEWEY DECIMAL CLASSIFICATION NUMBER
Classification number 343.59505602643 JUR
Edition number 23
090 00 - LOCALLY ASSIGNED LC-TYPE CALL NUMBER (OCLC); LOCAL CALL NUMBER (RLIN)
Classification number (OCLC) (R) ; Classification number, CALL (RLIN) (NR) 343.59505602643
Local cutter number (OCLC) ; Book number/undivided call number, CALL (RLIN) JUR
245 00 - TITLE STATEMENT
Title JURNAL UNDANG-UNDANG TRIBUNAL RAYUAN KASTAM.
Number of part/section of a work JILID 3 (61-90)
264 #1 - PRODUCTION, PUBLICATION, DISTRIBUTION, MANUFACTURE, AND COPYRIGHT NOTICE
Place of production, publication, distribution, manufacture Kuala Lumpur :
Name of producer, publisher, distributor, manufacturer Kementerian Kewangan Malaysia,
Date of production, publication, distribution, manufacture, or copyright notice 2014
300 ## - PHYSICAL DESCRIPTION
Extent vi, 147 pages ;
Dimensions 25 cm
599 ## - LOCAL NOTE
Local Note DALAM PROSES
650 10 - SUBJECT ADDED ENTRY--TOPICAL TERM
Topical term or geographic name entry element Tariff
Geographic subdivision Malaysia
Form subdivision Cases
9 (RLIN) 3709
650 20 - SUBJECT ADDED ENTRY--TOPICAL TERM
Topical term or geographic name entry element Customs administration
Geographic subdivision Malaysia
Form subdivision Cases
9 (RLIN) 3710
710 2# - ADDED ENTRY--CORPORATE NAME
Corporate name or jurisdiction name as entry element Malaysia.
Subordinate unit Kementerian Kewangan.
-- Tribunal Rayuan Kastam,
Relator term issuing body.
9 (RLIN) 3718
942 ## - ADDED ENTRY ELEMENTS (KOHA)
Source of classification or shelving scheme
Koha item type Book
950 ## - LOCAL HOLDINGS (RLIN)
Permanent shelving location, LOC (RLIN) AKMAL
Holdings
Withdrawn status Lost status Source of classification or shelving scheme Damaged status Not for loan Collection code Home library Current library Shelving location Date acquired Inventory number Full call number Barcode Date last seen Price effective from Koha item type Total Checkouts Date last checked out
          NON-FICTION AKMAL Melaka AKMAL Melaka PINJAMAN 12.05.2017 001522 343.59505602643 JUR 201703828 12.05.2017 12.05.2017 Book    
          NON-FICTION AKMAL Melaka AKMAL Melaka PINJAMAN 12.05.2017 001523 343.59505602643 JUR 201703183 30.03.2023 12.05.2017 Book 1 24.03.2023
Pusat Sumber Maklumat Dato' Haji Sarmin Md Hussin, Akademi Kastam Diraja Malaysia, Melaka
Tel: 06-2331106 | Faks: 06-2313787